000 00279nam a22001337a 4500
008 181224b xxu||||| |||| 00| 0 eng d
020 _a9780195055283
041 _aeng
080 _a531
100 _a48
101 _aFIZ
245 _aCosmogenesis
_cDavid.L
942 _2udc
_cBK
999 _c53738
_d53738